UPDATED Paladins Champions Quiz - Statistics

General Stats
  • This quiz has been taken 35 times
  • The average score is 29 of 59
Answer Stats
Hint Answer % Correct
Front Fernando
88%
Damage Viktor
76%
Flank Maeve
71%
Front Makoa
71%
Flank Androxus
59%
Front Barik
59%
Damage Bomb King
59%
Damage Cassie
59%
Flank Evie
59%
Support Furia
59%
Front Inara
59%
Front Khan
59%
Damage Lian
59%
Front Ruckus
59%
Support Seris
59%
Flank Skye
59%
Front Terminus
59%
Flank Zhin
59%
Front Ash
53%
Support Mal'Damba
53%
Damage Strix
53%
Front Torvald
53%
Damage Tyra
53%
Flank Vora
53%
Damage Betty La Bomba
47%
Flank Buck
47%
Damage Dredge
47%
Damage Drogoz
47%
Support Grover
47%
Support Io
47%
Support Jenos
47%
Damage Kinessa
47%
Flank Koga
47%
Support Pip
47%
Damage Vivian
47%
Front Yagorath
47%
Front Atlas
41%
Support Grohk
41%
Damage Imani
41%
Flank Lex
41%
Support Moji
41%
Front Nyx
41%
Damage Octavia
41%
Damage Omen
41%
Front Raum
41%
Damage Saati
41%
Damage Tiberius
41%
Flank VII
41%
Support Ying
41%
Front Azaan
35%
Flank Caspian
35%
Support Corvus
35%
Support Lillith
35%
Damage Sha Lin
35%
Damage Willo
35%
Support Rei
29%
Flank Talus
29%
Flank Vatu
29%
Flank Kasumi
24%
No matching quizzes found
Score Distribution
Percent of People with Each Score
Percentile by Number Answered
Your Score History
You have not taken this quiz